| 000 | 00544nam a2200181Ia 4500 | ||
|---|---|---|---|
| 003 | GCL | ||
| 008 | 140319s9999 xx 000 0 ara d | ||
| 040 |
_aGCL / _cGCL |
||
| 082 | 0 | 4 |
_aد _b050 |
| 100 | 1 | _aفوزية مهران | |
| 245 | 1 | 0 |
_aمواقف قرانية معاصرة ( اقرا 499 ) / _cفوزية مهران |
| 300 | _a148 ص | ||
| 490 |
_aوثائق ونصوص _v0 |
||
| 650 | 0 | 4 | _aالاخلاق الاسلامية |
| 650 | 0 | 4 | _aالاداب الاسلامية |
| 650 | 0 | 4 | _aالمقالات الدينية |
| 942 |
_2ddc _cCF |
||
| 999 |
_c27295 _d27295 |
||